000 01824nam a2200529 i 4500
001 40385
003 KOSZ 005
005 20210412123704.0
008 010209s2000 pl a f f |000 0 pol
015 _aUWD 2001/2286
020 _a8301132612
035 _a991015651849705066
035 _a(PL-WaBN)b14207680-48omnis_nlop
035 _ab14207680
035 _a(OCoLC)749653009
035 _azz2003960121
035 _a(PL)b0000001420768
035 _a(EXLNZ-48OMNIS_NETWORK)9910293713405606
040 _aWA N
_cWA N
_dKOSZ 005/HR
041 0 _apol
080 _a551.5
080 _a(075.8)
245 0 0 _aMeteorologia i klimatologia :
_bpomiary, obserwacje, opracowania /
_cUrszula Kossowska-Cezak [et al.].
250 _aWyd. 2, zm. i rozsz.
260 _aWarszawa ;
_aŁódź :
_bWydaw. Naukowe PWN. Oddział,
_c2000.
300 _a258, [2] s., [8] s. tabl. kolor. :
_bil., mapy ;
_c24 cm.
336 _aTekst
_btxt
_2rdacontent
337 _aBez urządzenia pośredniczącego
_bn
_2rdamedia
338 _aWolumin
_bnc
_2rdacarrier
380 _aKsiążki
380 _aPublikacje dydaktyczne
385 _mPoziom nauczania
_aSzkoły wyższe
388 _a1901-2000
388 _a1989-2000
500 _aWyd. 1 pt.: Przewodnik do ćwiczeń z meteorologii i klimatologii dla studentów geografii.
504 _aBibliogr.
521 8 _aPodręcznik akademicki.
650 7 _aKlimat
_2DBN
650 7 _aMeteorologia
_2DBN
655 7 _aPodręczniki akademickie
_2DBN
658 _aGeografia i nauki o Ziemi
700 1 _aKossowska-Cezak, Urszula
_eAutor
710 2 _aWydawnictwo Naukowe PWN
_4pbl
856 _uhttp://koha.tu.koszalin.pl/cgi-bin/koha/opac-detail.pl?biblionumber=40385
_yKatalog online BPK
942 _2UKD
_cKS
999 _c40385
_d40385